000 01152nam a22002657a 4500
999 _c65626
_d65626
005 20240530110835.0
008 191020s2006 ua f | 000 0aara d
017 _a2006/19514
_bمصر. دار الكتب
020 _a9774370473
040 _aEG-CaGPL
_cEG-CaGPL
082 0 4 _221
_a327.62047
_bق/ ز م
100 1 _aزاخاروفيتش ، اناتولى
245 1 0 _aمصر فى عصرنا الحديث/
_cتاليف اناتولى زاخاروفيتش ؛ ترجمة على فهمى عبدالسلام ؛ مراجعة اوليج ايفانوفيتش فومين
250 _aط.1
260 _aالقاهرة :
_bالمجلس الاعلى للثقافة،
_c2006
300 _a456 ص. ؛
_c24 سم.
490 0 _aالمشروع القومى للترجمة؛
_v1039
650 _2qrmak
651 0 7 _2qrmak
_aمصر
_xالعلاقات الخارجية
_zروسيا
651 0 7 _2qrmak
_aمصر
_xتاريخ
_xمقالات ومحاضرات
700 0 _aعلى فهمى عبدالسلام
_eمترجم
700 0 _aاوليج ايفانوفيتش فومين
_eمراجع
942 _2ddc
_cBK